Der Eid der Nachtwache - Game of Thrones - Statistiken

Allgemein
  • Dieses Quiz wurde 192 mal gespielt
  • Das Durchschnittsergebnis liegt bei 56 aus 93
Antwortstatistiken
Antwort % Korrekt
Ich
95%
Ich
95%
Ich
95%
Ich
95%
Ich
95%
Ich
95%
Ich
95%
Die
88%
die
88%
die
88%
Nacht
85%
Nacht
85%
mein
84%
der
83%
der
83%
der
83%
der
83%
der
83%
der
83%
meine
77%
meine
77%
meine
77%
Frau
76%
und
75%
und
75%
und
75%
und
75%
und
75%
und
75%
Wacht
75%
kein
74%
beginnt.
70%
bin
70%
bin
70%
bin
70%
keine
70%
keine
70%
keine
70%
Menschen
70%
Schild,
69%
das
68%
Kinder
63%
Reiche
61%
schützt.
61%
Nachtwache,
59%
nehmen,
59%
leben
58%
Leben
58%
auf
57%
auf
57%
auf
57%
in
57%
in
57%
in
57%
Land
57%
mir
57%
Schwert
57%
zeugen.
57%
Eid.
50%
Tod.
50%
will
50%
will
50%
will
50%
den
49%
besitzen,
47%
dieser
44%
kommen.
44%
Wächter
44%
zieht
43%
allen
42%
Nächten
42%
Sie
41%
Dunkelheit.
40%
Ehre
39%
soll
38%
meinem
37%
meinem
37%
widme
37%
Mauern.
36%
meinen
36%
sterben.
34%
vor
33%
Worte,
33%
enden
31%
Hört
31%
nicht
31%
bezeugt
26%
Posten
26%
tragen
22%
keinen
19%
Kronen
17%
Ruhm
17%
begehren.
16%
Keine übereinstimmenden Quizze gefunden
Verteilung der Resultate
Anzahl Personen mit jedem Resultat
Perzentil nach korrekt beantworteten Fragen
Ihre Resultats-Entwicklung
Sie haben dieses Quiz noch nicht gespielt